000 00469nam a2200157 a 4500
001 000030190
005 20200930060122.0
008 110504s1997 dr a 000 0 spa d
040 _aDO-SdBNP
_bspa
_cBNPHU
082 _axxx
_bV335p
100 1 _aVásquez, Rafael Antonio
_956898
245 1 0 _aPoemas de primavera :
_bpoemas de otoño /
_cRafael Antonio Vásquez.
260 _aSanto Domingo
_fImpresora Angel
_c1997.
300 _a39 p. :
_bil. ;
_c22 cm.
049 _aBNPD
999 _c29682
_d29682